000 00578nam a2200193Ia 4500
008 151119s9999||||xx |||||||||||||| ||und||
082 _a922.945
082 _bGKKV22360
100 _aदोडे भास्कर
245 _aसंतकवी अमृतराय :४३
260 _a--
260 _b--
260 _c0
600 _aदोडे भास्कर
630 _aसंतकवी अमृतराय :४३
700 _aदोडे भास्कर
730 _aसंतकवी अमृतराय :४३
942 _cBOOK
999 _c1075110
_d1075107